Online katalóg knižníc regiónu Turca

Muž s ľadovým pohľadom (Record no. 20317)

MARC details
000 -LEADER
fixed length control field 01836nam a2200481 a 4500
001 - CONTROL NUMBER
control field 20317
003 - CONTROL NUMBER IDENTIFIER
control field VRT
005 - DATE AND TIME OF LATEST TRANSACTION
control field 20260121122625.0
008 - FIXED-LENGTH DATA ELEMENTS--GENERAL INFORMATION
fixed length control field 251031s2005 xo a j 000 j slo
015 ## - NATIONAL BIBLIOGRAPHY NUMBER
National bibliography number SNBA2006/01-00185
020 ## - INTERNATIONAL STANDARD BOOK NUMBER
International Standard Book Number 8089210333
Qualifying information (viaz.)
039 #9 - LEVEL OF BIBLIOGRAPHIC CONTROL AND CODING DETAIL [OBSOLETE]
Level of rules in bibliographic description 202510310911
Level of effort used to assign nonsubject heading access points VLOAD
Level of effort used to assign subject headings 202403181340
Level of effort used to assign classification VLOAD
Level of effort used to assign subject headings 201805281405
Level of effort used to assign classification VLOAD
Level of effort used to assign subject headings 200801291046
Level of effort used to assign classification mbpksh03
040 ## - CATALOGING SOURCE
Original cataloging agency SNK
Language of cataloging slo
Transcribing agency SNK
041 1# - LANGUAGE CODE
Language code of text/sound track or separate title slo
Language code of original ger
044 ## - COUNTRY OF PUBLISHING/PRODUCING ENTITY CODE
MARC country code xo
ISO country code SK
072 #7 - SUBJECT CATEGORY CODE
Subject category code 821.112.2-3
Subject category code subdivision Nemecká próza, nemecky písaná
Source konspekt
072 #7 - SUBJECT CATEGORY CODE
Subject category code 821-93
Source MDT-MRF
080 ## - UNIVERSAL DECIMAL CLASSIFICATION NUMBER
Universal Decimal Classification number 821.112.2(436)-32
Edition identifier MDT-MRF
080 ## - UNIVERSAL DECIMAL CLASSIFICATION NUMBER
Universal Decimal Classification number (0:82-321.3)
Edition identifier MDT-MRF
080 ## - UNIVERSAL DECIMAL CLASSIFICATION NUMBER
Universal Decimal Classification number 821-93
Edition identifier MDT-MRF
080 ## - UNIVERSAL DECIMAL CLASSIFICATION NUMBER
Universal Decimal Classification number (0:82-252)
Edition identifier MDT-MRF
100 1# - MAIN ENTRY--PERSONAL NAME
Personal name Brezina, Thomas,
Dates associated with a name 1963-
Relationship aut
240 14 - UNIFORM TITLE
Uniform title Der Mann mit den eisblauen Augen
Language of a work Slovensky
245 10 - TITLE STATEMENT
Title Muž s ľadovým pohľadom
Remainder of title napínavé príbehy so superlupou
Statement of responsibility, etc. Thomas Brezina; ilustroval Wolfram Nowatzyk; z nemeckého originálu preložila Zdenka Baková]
250 ## - EDITION STATEMENT
Edition statement 1. vyd.
260 ## - PUBLICATION, DISTRIBUTION, ETC.
Place of publication, distribution, etc. Bratislava
Name of publisher, distributor, etc. Fragment
Date of publication, distribution, etc. 2005
300 ## - PHYSICAL DESCRIPTION
Extent 119 s., 8 s. text a ilustr. príl.
Other physical details ilustr.
Dimensions 19 cm
Accompanying material 1 plastiková lupa
490 1# - SERIES STATEMENT
Series statement Klub záhad
650 #7 - SUBJECT ADDED ENTRY--TOPICAL TERM
Topical term or geographic name entry element čitateľské hry
Source of heading or term SNKPH
655 #7 - INDEX TERM--GENRE/FORM
Genre/form data or focus term rakúske príbehy
Source of term SNKPH
655 #7 - INDEX TERM--GENRE/FORM
Genre/form data or focus term dobrodružné príbehy
Source of term SNKPH
655 #7 - INDEX TERM--GENRE/FORM
Genre/form data or focus term publikácie pre deti
Source of term SNKPH
700 1# - ADDED ENTRY--PERSONAL NAME
Personal name Nowatzyk, Wolfram
Relationship ill
700 1# - ADDED ENTRY--PERSONAL NAME
Personal name Baková, Zdenka
Relationship trl
830 #0 - SERIES ADDED ENTRY--UNIFORM TITLE
Uniform title Klub záhad
942 ## - ADDED ENTRY ELEMENTS (KOHA)
Source of classification or shelving scheme Dewey Decimal Classification
Koha item type Krásna literatúra pre deti
Suppress in OPAC No
949 ## - LOCAL PROCESSING INFORMATION (OCLC)
6 17A0489324
a snkSD 75196
b snk2005/18729
o 2112/05
949 ## - LOCAL PROCESSING INFORMATION (OCLC)
6 0174025652
a lesknPRINT
b lesknBD2012/18840
949 ## - LOCAL PROCESSING INFORMATION (OCLC)
6 273K0491776
9 1
a svkpoA 192930
b svkpo481386
q príloha: lupa
r príloha: lupa
949 ## - LOCAL PROCESSING INFORMATION (OCLC)
6 3869A08874
a bpksh821.112.2.93-31
b bpksh51905
949 ## - LOCAL PROCESSING INFORMATION (OCLC)
6 17A0493134
a snkSD 75196 D1
b snk2005/20972
o 2112/05
949 ## - LOCAL PROCESSING INFORMATION (OCLC)
6 4710706608
a strmkM
b strmk2008/6608
Holdings
Stav vyradenia Strata Poškodenie Spôsob nadobudnutia Domovská knižnica Aktuálna knižnica Dátum nadobudnutia Total checkouts Čiarový kód exemplára Date last seen Typ exemplára
      Dar Mestská knižnica Turany Mestská knižnica Turany 21.01.2026   4712401246 21.01.2026 Krásna literatúra pre deti
Projekt je podporený Slovenskou asociáciou knižníc
Prevádzkuje Turčianska knižnica Martin 2026